[Event "Schwarzacher Open B"]
[Site "Schwarzach"]
[Date "1999.08.23"]
[Round "3.10"]
[White "Stadlober, Gerold"]
[Black "Ebner, Josef"]
[Result "1-0"]
[WhiteElo "1863"]
[BlackElo "1760"]
[PlyCount "89"]
[EventDate "1999.08.21"]

1. e4 c6 2. d4 d5 3. exd5 cxd5 4. c4 Nf6 5. Nc3 Nc6 6. Bf4 Qa5 7. Nf3 Bg4 8.
Be2 e6 9. O-O a6 10. h3 Bh5 11. g4 Bg6 12. Ne5 Be7 13. a3 O-O 14. b4 Qd8 15. c5
Nxe5 16. Bxe5 Nd7 17. Bh2 Nb8 18. Na4 Nc6 19. Ra2 f5 20. Nb6 Ra7 21. f4 Bf6 22.
Rd2 fxg4 23. hxg4 Nb8 24. Bf3 Nd7 25. Na4 Ra8 26. Bg2 Rc8 27. f5 Bf7 28. Nc3
Bg5 29. Re2 exf5 30. Rxf5 Be7 31. Nxd5 Bxd5 32. Bxd5+ Kh8 33. Bxb7 Rc7 34.
Rxf8+ Nxf8 35. Bxc7 Qxc7 36. Bg2 Ng6 37. Qe1 h6 38. d5 Bh4 39. Re8+ Kh7 40. Qe3
Qf7 41. Qe6 Qf2+ 42. Kh1 Nf8 43. Qf5+ Ng6 44. Qxf2 Bxf2 45. Be4 1-0

[Event "Schwarzacher Open B"]
[Site "Schwarzach"]
[Date "1999.08.24"]
[Round "4.1"]
[White "Pitro, Erwin"]
[Black "Van Essen, Mark"]
[Result "1/2-1/2"]
[WhiteElo "1843"]
[BlackElo "1825"]
[PlyCount "46"]
[EventDate "1999.08.21"]

1. f4 Nf6 2. b3 e6 3. Bb2 b6 4. e3 Bb7 5. Nf3 c5 6. Be2 Be7 7. O-O O-O 8. c4
Nc6 9. Ne5 Qc7 10. Nxc6 Bxc6 11. Bf3 d5 12. cxd5 Nxd5 13. a3 Rad8 14. Qe2 Bf6
15. Bxf6 Nxf6 16. Bxc6 Qxc6 17. Nc3 Qd7 18. Ra2 Qd3 19. Re1 Rd7 20. Qxd3 Rxd3
21. Kf1 Rfd8 22. Ke2 h5 23. g3 Kf8 1/2-1/2

[Event "Schwarzacher Open B"]
[Site "Schwarzach"]
[Date "1999.08.24"]
[Round "4.2"]
[White "Rabensteiner, Klaus"]
[Black "Kinzlinger, Georg"]
[Result "1/2-1/2"]
[WhiteElo "1834"]
[BlackElo "1777"]
[PlyCount "50"]
[EventDate "1999.08.21"]

1. c4 f5 2. Nc3 Nf6 3. g3 e6 4. Bg2 Be7 5. e3 c6 6. d4 O-O 7. c5 b6 8. cxb6
axb6 9. Nge2 Na6 10. O-O Nc7 11. Nf4 Ncd5 12. Ncxd5 Nxd5 13. Nxd5 cxd5 14. Qb3
Ba6 15. Rd1 Be2 16. Rd2 Bc4 17. Qc3 b5 18. b3 b4 19. Qc2 Bb5 20. Bf1 Bc6 21.
Qd1 Bd6 22. Rc2 Qb6 23. Bd2 Rfc8 24. Bd3 Bb5 25. Bxb5 Qxb5 1/2-1/2

[Event "Schwarzacher Open B"]
[Site "Schwarzach"]
[Date "1999.08.24"]
[Round "4.4"]
[White "Stadlober, Gerold"]
[Black "Renner, Gabriele"]
[Result "0-1"]
[WhiteElo "1863"]
[BlackElo "1760"]
[PlyCount "136"]
[EventDate "1999.08.21"]

1. e4 c6 2. d4 d5 3. exd5 cxd5 4. c4 Nf6 5. Nc3 Nc6 6. cxd5 Nxd5 7. Nf3 g6 8.
Qb3 Nxc3 9. bxc3 Bg7 10. Be2 O-O 11. O-O Na5 12. Qc2 Qc7 13. Bd3 Be6 14. Bd2
Rac8 15. Rfc1 Nc4 16. Be1 Qa5 17. Qe2 Rc7 18. Nd2 Nxd2 19. Bxd2 Qa3 20. h4 Rfc8
21. Re1 Bd5 22. Red1 Qd6 23. Re1 h5 24. g3 Qd7 25. Kh2 Bf6 26. Qe3 Qg4 27. Be2
Qf5 28. Bd3 Qg4 29. Be2 Qd7 30. Bd3 Qc6 31. Qh6 Bg7 32. Qg5 Bf6 33. Qh6 Bg7 34.
Qg5 Kf8 35. Qf4 Qf6 36. Qe3 Kg8 37. Qe2 Bf3 38. Qe3 Kh7 39. Rac1 Bg4 40. Ra1
Kg8 41. Rac1 Bh6 42. f4 Be6 43. Ra1 Bd5 44. Re2 Qc6 45. Qf2 e6 46. Be1 Bf8 47.
Rc2 Qa4 48. Qe2 Bg7 49. Rac1 Bc4 50. Bxc4 Qxc4 51. Qxc4 Rxc4 52. Bf2 b5 53. a3
Bf8 {#} 54. Be1 Bxa3 55. Ra1 b4 56. Re2 a5 57. cxb4 Bxb4 58. Bxb4 axb4 59. Rb1
Rxd4 60. Reb2 Rb8 61. Rb3 Kf8 62. Kg2 Ke7 63. Kf3 Kd6 64. Ke3 Kc5 65. Rc1+ Rc4
66. Rcb1 Ra8 67. Kd3 Rd8+ 68. Ke3 Rc3+ 0-1

[Event "Schwarzacher Open B"]
[Site "Schwarzach"]
[Date "1999.08.24"]
[Round "4.5"]
[White "Eder, Herbert"]
[Black "Poffers, Rieke"]
[Result "1-0"]
[WhiteElo "1854"]
[BlackElo "1502"]
[PlyCount "81"]
[EventDate "1999.08.21"]

1. e4 d6 2. d4 Nf6 3. Bd3 g6 4. f4 Bg7 5. Nf3 Nbd7 6. O-O O-O 7. c3 e5 8. fxe5
dxe5 9. dxe5 Ng4 10. e6 fxe6 11. Bg5 Bf6 12. Bxf6 Rxf6 13. Qe2 Nde5 14. Nxe5
Nxe5 15. Rxf6 Qxf6 16. Bc2 Bd7 17. Nd2 Rf8 18. Rf1 Qe7 19. Bb3 Qc5+ 20. Kh1 Qd6
21. Rxf8+ Qxf8 22. h3 Qc5 23. Nf3 Nxf3 24. Qxf3 Qg5 25. Qd1 Bc8 26. Qd3 Kf7 27.
Qd4 Qf4 28. e5 Qf5 29. Kg1 Qb1+ 30. Kh2 Ke7 31. Qf4 Qf5 32. Qg3 Bd7 33. Qh4+ g5
34. Qd4 Bc6 35. Qe3 {#} 35... Qf1 36. Qxg5+ Ke8 37. Qg8+ Kd7 38. Qxe6+ Kd8 39.
Qf6+ Qxf6 40. exf6 Ke8 41. g4 1-0

[Event "Schwarzacher Open B"]
[Site "Schwarzach"]
[Date "1999.08.24"]
[Round "4.6"]
[White "Elasad, Muhammat"]
[Black "Lehner, Erich"]
[Result "1-0"]
[WhiteElo "1735"]
[BlackElo "1853"]
[PlyCount "39"]
[EventDate "1999.08.21"]

1. e4 e5 2. Nf3 Nc6 3. Bb5 Bc5 4. c3 f5 5. Bxc6 dxc6 6. d4 exd4 7. Bg5 Be7 8.
Bxe7 Qxe7 9. e5 dxc3 10. Nxc3 Bd7 11. O-O O-O-O 12. Qa4 Kb8 13. Rfe1 Be6 14.
Nd4 Qd7 15. Rad1 Qc8 16. Qb4 Ka8 {#} 17. Nxe6 Rxd1 18. Rxd1 Nh6 19. Qe7 Re8 20.
Nxc7+ 1-0

[Event "Schwarzacher Open B"]
[Site "Schwarzach"]
[Date "1999.08.24"]
[Round "4.7"]
[White "Hutz, Gerhard"]
[Black "Colic, Senad"]
[Result "1/2-1/2"]
[WhiteElo "1893"]
[BlackElo "1665"]
[PlyCount "103"]
[EventDate "1999.08.21"]

1. d4 d5 2. Nf3 Bf5 3. g3 h6 4. Bg2 Nf6 5. c4 c6 6. cxd5 Nxd5 7. O-O Nd7 8. Re1
N5f6 9. Nc3 e6 10. e4 Bg4 11. Bf4 Be7 12. d5 cxd5 13. exd5 g5 {#} 14. dxe6 fxe6
15. Be3 O-O 16. h3 Bf5 17. Qb3 Nc5 18. Bxc5 Bxc5 19. Rad1 Qc7 20. Na4 g4 21.
Nh4 Bxf2+ 22. Kxf2 Ne4+ 23. Rxe4 Bxe4+ 24. Kg1 Bd5 25. Bxd5 exd5 26. Qxd5+ Rf7
27. Nf5 Kh7 28. hxg4 Rg8 29. Qe4 Rg6 30. Kh2 Qc6 31. Qxc6 Rxc6 32. Nc3 h5 33.
Rd6 hxg4 34. Rxc6 bxc6 35. Ne3 Rf2+ 36. Kg1 Rxb2 37. Nxg4 Rc2 38. Nf6+ Kg6 39.
Nfe4 Kf5 40. Kf1 Kg4 41. Ke1 Kf3 42. a4 Ke3 43. Kd1 Kd3 44. g4 Rg2 45. Kc1 a5
46. g5 c5 47. Kb1 c4 48. Kc1 Rxg5 49. Nxg5 Kxc3 50. Ne4+ Kb4 51. Kb2 Kxa4 52.
Kc3 1/2-1/2

[Event "Schwarzacher Open B"]
[Site "Schwarzach"]
[Date "1999.08.24"]
[Round "4.9"]
[White "Walkner, Karl"]
[Black "Otto, Klaus"]
[Result "1-0"]
[WhiteElo "1873"]
[BlackElo "1655"]
[PlyCount "105"]
[EventDate "1999.08.21"]

1. e4 e6 2. d4 d5 3. Nc3 Nf6 4. e5 Nfd7 5. f4 c5 6. Nce2 Nc6 7. c3 cxd4 8. Nxd4
Qb6 9. Ngf3 Bc5 10. Be2 h6 11. Qd3 Nxd4 12. Nxd4 Bxd4 13. cxd4 Qb4+ 14. Kf2 Nb6
15. b3 Qe7 16. Rf1 Bd7 17. a4 Rc8 18. Ba3 Qh4+ 19. Kg1 a6 20. Bb4 Na8 21. Qd2
f5 22. exf6 Qxf6 23. Bd6 Rg8 24. Rae1 g6 25. Bf3 Kf7 {#} 26. f5 gxf5 27. Bh5+
Rg6 28. Be5 Qg5 29. Qxg5 hxg5 30. Rc1 Rcg8 31. Rc3 Ke7 32. Bxg6 Rxg6 33. a5 Bc6
34. Rh3 Rg8 35. Rh7+ Ke8 36. Bd6 Bd7 37. Rc1 g4 38. Kf2 Kd8 39. Ke3 Ke8 40. Kf4
Kd8 41. Ke5 Ke8 42. Kf6 Kd8 43. Rc3 Ke8 44. h3 Kd8 45. h4 f4 46. Bxf4 Rf8+ 47.
Rf7 Rh8 48. Bg5 Ke8 49. Re7+ Kd8 50. Kg7 Rh5 51. Bf6 Rf5 52. Rf7+ Ke8 53. Rf8#
1-0

[Event "Schwarzacher Open B"]
[Site "Schwarzach"]
[Date "1999.08.24"]
[Round "4.10"]
[White "Koessler, Andreas"]
[Black "Huber, Josef"]
[Result "0-1"]
[WhiteElo "1653"]
[BlackElo "1868"]
[PlyCount "98"]
[EventDate "1999.08.21"]

1. d4 Nf6 2. c4 c5 3. d5 g6 4. Nc3 Bg7 5. Nf3 d6 6. g3 e6 7. Bg2 exd5 8. cxd5
O-O 9. O-O a6 10. a4 Nbd7 11. Nd2 Ne5 12. e4 Qc7 13. Qc2 c4 14. b3 cxb3 15.
Qxb3 Bd7 16. Ba3 Nd3 17. Ne2 Nc5 18. Bxc5 Qxc5 19. Rac1 Qa7 20. Nc4 Bg4 21.
Rfe1 Rad8 22. Qb6 Qxb6 23. Nxb6 Nd7 24. Nc4 Nc5 25. Nxd6 {#} 25... Nd3 26. Nxb7
Rb8 27. Nc5 Nxe1 28. Rxe1 Rb2 29. f3 Bc8 30. Bf1 Rxe2 31. Bxe2 Bd4+ 32. Kg2
Bxc5 33. Rc1 Bb4 34. e5 Bd7 35. Bxa6 Bxa4 36. d6 Bd7 37. Rc7 Rd8 38. Bc4 Ba5
39. Ra7 Bb6 40. Rb7 Bd4 41. Bb5 Be6 42. Bc4 Bxc4 43. Rb4 Bxe5 44. Rxc4 Rxd6 45.
Re4 Rd2+ 46. Kh3 Bd4 47. Re8+ Kg7 48. Rd8 Be3 49. Re8 Bg1 0-1

[Event "Schwarzacher Open B"]
[Site "Schwarzach"]
[Date "1999.08.25"]
[Round "5.1"]
[White "Van Essen, Mark"]
[Black "Eder, Herbert"]
[Result "1-0"]
[WhiteElo "1825"]
[BlackElo "1854"]
[PlyCount "87"]
[EventDate "1999.08.21"]

1. Nc3 Nf6 2. e4 d6 3. d4 g6 4. Be3 Bg7 5. Qd2 Nc6 6. f3 a6 7. O-O-O O-O 8. Bh6
e6 9. h4 Nh5 10. g4 Ng3 11. Bxg7 Kxg7 12. Rh2 h5 13. Bg2 f5 {#} 14. Qf4 Nxe4
15. fxe4 fxe4 16. Qxe4 hxg4 17. Qe3 e5 18. Bxc6 bxc6 19. dxe5 Bf5 20. exd6 cxd6
21. h5 Qf6 22. Qd4 d5 23. Nge2 gxh5 24. Rxh5 Bg6 25. Rhh1 Qxd4 26. Rxd4 Bf5 27.
Rf4 Kg6 28. Rhf1 Rf6 29. Ng3 Raf8 30. Nxf5 Rxf5 31. Rxf5 Rxf5 32. Rxf5 Kxf5 33.
Kd2 Kf4 34. Ke2 d4 35. Nd1 g3 36. b3 c5 37. Nb2 g2 38. Kf2 g1=Q+ 39. Kxg1 Ke3
40. Na4 Kd2 41. Nxc5 Kxc2 42. Nxa6 Kc3 43. Kf2 d3 44. Nc5 1-0

[Event "Schwarzacher Open B"]
[Site "Schwarzach"]
[Date "1999.08.25"]
[Round "5.2"]
[White "Kinzlinger, Georg"]
[Black "Pitro, Erwin"]
[Result "0-1"]
[WhiteElo "1777"]
[BlackElo "1843"]
[PlyCount "104"]
[EventDate "1999.08.21"]

1. e4 g6 2. d4 Bg7 3. Nf3 c6 4. Be2 d6 5. O-O Nh6 6. c3 O-O 7. Bg5 f6 8. Be3
Nf7 9. Na3 Na6 10. Bxa6 bxa6 11. h3 d5 12. exd5 cxd5 13. Re1 Nd6 14. Qe2 e6 15.
c4 dxc4 16. Nxc4 Nxc4 17. Qxc4 Qd5 18. Qxd5 exd5 19. Rac1 Bf5 20. Rc7 Rfc8 21.
Rec1 Rxc7 22. Rxc7 Bb1 23. a3 Bf8 24. Rc6 Be7 25. Rxa6 Kf7 26. b4 Bd3 27. Rc6
a5 28. Bd2 axb4 29. Bxb4 Ra7 30. Bc5 Bxc5 31. Rxc5 Ke6 32. Rc3 Bc4 33. Nd2 Ra4
{#} 34. Nxc4 dxc4 35. Kf1 Kd5 36. Ke2 Kxd4 37. Kd2 Ra7 38. Kc2 Kc5 39. Rf3 f5
40. g4 f4 41. Rxf4 Rxa3 42. f3 Ra2+ 43. Kc3 Ra3+ 44. Kc2 Kb4 45. h4 Ra2+ 46.
Kb1 Rh2 47. Rf7 Rxh4 48. g5 Kc3 49. Rd7 Rh1+ 50. Ka2 Kc2 51. f4 c3 52. Rd4 Rd1
0-1

[Event "Schwarzacher Open B"]
[Site "Schwarzach"]
[Date "1999.08.25"]
[Round "5.3"]
[White "Reschreiter, Hans-Peter"]
[Black "Rabensteiner, Klaus"]
[Result "1/2-1/2"]
[WhiteElo "1827"]
[BlackElo "1834"]
[PlyCount "35"]
[EventDate "1999.08.21"]

1. d4 d5 2. c4 e6 3. g3 f5 4. Bg2 c6 5. Nf3 Nf6 6. O-O Nbd7 7. Nbd2 Bd6 8. e3
O-O 9. b3 Qe7 10. Bb2 Ne4 11. Qc2 Ndf6 12. c5 Bc7 13. b4 a6 14. a4 Nxd2 15.
Qxd2 Bd7 16. a5 Rae8 17. Ne5 Bc8 18. f4 1/2-1/2

[Event "Schwarzacher Open B"]
[Site "Schwarzach"]
[Date "1999.08.25"]
[Round "5.4"]
[White "Renner, Gabriele"]
[Black "Schweiger, Wolfgang"]
[Result "0-1"]
[WhiteElo "1760"]
[BlackElo "1777"]
[PlyCount "82"]
[EventDate "1999.08.21"]

1. e4 c6 2. d4 d5 3. exd5 cxd5 4. Bd3 Nc6 5. c3 Nf6 6. Bf4 g6 7. Nf3 Bg7 8. O-O
O-O 9. Nbd2 Nh5 10. Bg3 Nxg3 11. hxg3 Bg4 12. Qb3 Rb8 13. Rfe1 Qd6 14. Nh2 Bd7
15. Ndf3 Rfe8 16. Re2 e5 17. dxe5 Nxe5 18. Nxe5 Rxe5 19. Rxe5 Bxe5 20. Nf3 Bg7
21. Rd1 Bc6 22. Bb5 a6 23. Be2 Re8 24. Kf1 Qd7 {#} 25. Nd4 Ba4 26. Qb4 Bxd1 27.
Bxd1 Qe7 28. Nf3 Qxb4 29. cxb4 Bxb2 30. Bb3 d4 31. Ng5 Re7 32. Bc4 Bc3 33. f3
Bxb4 34. Ne4 b5 35. Bd3 f5 36. Nf6+ Kg7 37. Nd5 Re1+ 38. Kf2 Bd2 39. Nc7 Re3
40. Bf1 Be1+ 41. Kg1 Bxg3 0-1

[Event "Schwarzacher Open B"]
[Site "Schwarzach"]
[Date "1999.08.25"]
[Round "5.5"]
[White "Huber, Josef"]
[Black "Elasad, Muhammat"]
[Result "1-0"]
[WhiteElo "1868"]
[BlackElo "1735"]
[PlyCount "45"]
[EventDate "1999.08.21"]

1. d4 d5 2. Nf3 Nf6 3. e3 c6 4. Bd3 Bg4 5. Nbd2 e6 6. c4 Be7 7. O-O O-O 8. Qc2
h6 9. h3 Bxf3 10. Nxf3 Nbd7 11. b3 c5 12. Bb2 Rc8 13. Qe2 Re8 14. Rad1 Qb6 15.
Ne5 cxd4 16. Bxd4 Bc5 17. Nxd7 Nxd7 18. Bb2 Be7 19. cxd5 exd5 {#} 20. Bf5 Qd6
21. Qg4 Bg5 22. Bxd7 Re4 23. Qxe4 1-0

[Event "Schwarzacher Open B"]
[Site "Schwarzach"]
[Date "1999.08.25"]
[Round "5.6"]
[White "Manzenreiter, Franz"]
[Black "Walkner, Karl"]
[Result "1-0"]
[WhiteElo "1736"]
[BlackElo "1873"]
[PlyCount "115"]
[EventDate "1999.08.21"]

1. d4 f5 2. Nf3 Nf6 3. c4 e6 4. Nc3 Be7 5. Qc2 O-O 6. e4 fxe4 7. Nxe4 Nc6 8. a3
Nxe4 9. Qxe4 Bf6 10. Be3 Ne7 11. Rd1 Qe8 12. Be2 d6 13. h4 Qg6 14. Qxg6 Nxg6
15. Bd3 Ne7 16. Ng5 g6 17. h5 e5 18. hxg6 hxg6 19. Nh7 exd4 20. Nxf6+ Rxf6 21.
Bxd4 Rf4 22. Bc3 Kf8 23. Be2 Rf7 24. Rh8+ Ng8 25. Rd4 Bf5 26. g4 Bb1 27. f3 Re8
28. Kf2 Be4 29. Kg3 Bc6 30. Bd3 Rxf3+ 31. Kh4 Ree3 32. Kg5 Rxd3 33. Rxd3 Rxd3
34. Rh7 Rf3 35. Rxc7 Ne7 36. Bf6 Re3 37. b4 a6 38. a4 Bf3 {#} 39. Kf4 Re6 40.
Bxe7+ Rxe7 41. Rxe7 Kxe7 42. Kxf3 Kf6 43. Kf4 b6 44. g5+ Ke7 45. Ke4 Ke6 46.
Kd4 Ke7 47. a5 bxa5 48. bxa5 Ke6 49. Ke4 Ke7 50. Kd5 Kd7 51. c5 dxc5 52. Kxc5
Ke6 53. Kb6 Kf5 54. Kxa6 Kxg5 55. Kb6 Kf4 56. a6 g5 57. a7 g4 58. a8=Q 1-0

[Event "Schwarzacher Open B"]
[Site "Schwarzach"]
[Date "1999.08.25"]
[Round "5.7"]
[White "Pinggera, Stefan"]
[Black "Peneder, Hans"]
[Result "0-1"]
[WhiteElo "1678"]
[BlackElo "1863"]
[PlyCount "40"]
[EventDate "1999.08.21"]

1. e4 c5 2. Nf3 Nc6 3. d4 cxd4 4. Nxd4 Nf6 5. Nc3 d6 6. Be3 Bd7 7. f3 g6 8. Qd2
Bg7 9. O-O-O Nxd4 10. Bxd4 Qa5 11. Bc4 Rc8 12. Bb3 O-O 13. Kb1 Qa6 14. Bxf6
Bxf6 15. Nd5 Ba4 16. Nxf6+ exf6 17. Qxd6 Bxb3 18. axb3 Rc6 19. Qd3 Qa5 {#} 20.
Rd2 Ra6 0-1

[Event "Schwarzacher Open B"]
[Site "Schwarzach"]
[Date "1999.08.25"]
[Round "5.8"]
[White "Grassl, Johann"]
[Black "Raab, Erich"]
[Result "1-0"]
[WhiteElo "1776"]
[BlackElo "1681"]
[PlyCount "91"]
[EventDate "1999.08.21"]

1. d4 Nf6 2. c4 e6 3. Nc3 d5 4. cxd5 exd5 5. Bg5 Be7 6. e3 O-O 7. Bd3 c6 8. Qc2
Nbd7 9. Nf3 h6 10. Bh4 Re8 11. O-O Nh5 12. Bxe7 Qxe7 13. Rab1 a5 14. a3 Nf8 15.
b4 axb4 16. axb4 Nf6 17. Rfc1 Ne4 18. Bxe4 dxe4 19. Nd2 f5 {#} 20. b5 c5 21.
Nd5 Qe6 22. Nc7 Ra2 23. Rb2 Rxb2 24. Qxb2 Qg6 25. Nxe8 f4 26. exf4 Bh3 27. g3
Qxe8 28. Rxc5 e3 29. Re5 exf2+ 30. Kxf2 Qf7 31. Kg1 b6 32. Qb3 Ne6 33. Qc4 Qd7
34. f5 Qxd4+ 35. Qxd4 Nxd4 36. Rd5 Nxf5 37. Nc4 Kf8 38. Nxb6 Ne3 39. Re5 Nf5
40. Nd7+ Kf7 41. b6 Nd6 42. Nc5 Bc8 43. Rd5 Ke7 44. Rxd6 Kxd6 45. b7 Bxb7 46.
Nxb7+ 1-0

[Event "Schwarzacher Open B"]
[Site "Schwarzach"]
[Date "1999.08.25"]
[Round "5.9"]
[White "Eder, Johannes"]
[Black "Ley, Peter"]
[Result "1/2-1/2"]
[WhiteElo "1572"]
[BlackElo "1776"]
[PlyCount "24"]
[EventDate "1999.08.21"]

1. e4 e5 2. Nf3 Nc6 3. Bb5 f5 4. Bxc6 dxc6 5. exf5 e4 6. Qe2 Qe7 7. Nd4 Qe5 8.
Nf3 Qe7 9. Nd4 Bd7 10. Nc3 Nf6 11. O-O Qe5 12. Nf3 Qe7 1/2-1/2

[Event "Schwarzacher Open B"]
[Site "Schwarzach"]
[Date "1999.08.25"]
[Round "5.10"]
[White "Ellmauer, Klaus"]
[Black "Sendlhofer, Norbert"]
[Result "1-0"]
[WhiteElo "1755"]
[BlackElo "1643"]
[PlyCount "135"]
[EventDate "1999.08.21"]

1. c4 e6 2. Nc3 Bb4 3. e4 Bxc3 4. bxc3 Nc6 5. d4 d5 6. cxd5 exd5 7. e5 h6 8.
Bd3 Nge7 9. Ne2 Bg4 10. O-O a6 11. Bd2 Bh5 12. Qc2 Bg6 13. Ng3 Bxd3 14. Qxd3
Na5 15. Nh5 Rg8 16. f4 Qd7 17. Ng3 O-O-O 18. f5 Nc4 19. Be1 Nc6 20. Nh5 Qe7 21.
Qh3 f6 22. Bh4 Qf7 23. Ng3 Kb8 24. Ne2 Rde8 25. e6 Qe7 26. Nf4 g5 27. fxg6 Qg7
28. Nxd5 Qxg6 29. Rxf6 Qe4 30. Nf4 Nxd4 31. Kh1 Nb5 32. Rxh6 Qxf4 33. Bg3 Qd2
34. a4 Nbd6 35. Re1 Qxc3 36. Rh7 Qf6 37. Rd7 Rgf8 38. Rg1 {#} 38... Qxe6 39.
Rd8+ Rxd8 40. Qxe6 Rfe8 41. Qg4 Ne3 42. Qb4 Nef5 43. Bxd6 Rxd6 44. Qf4 Nd4 45.
Qf7 Rde6 46. h3 Ne2 47. Rb1 R8e7 48. Qf8+ Re8 49. Qf3 c6 50. Kh2 Nd4 51. Qf4+
Ka8 52. Qxd4 Re4 53. Qb6 R8e7 54. Rd1 Re8 55. Rd7 Rb8 56. a5 Re5 57. Rc7 Rb5
58. Qd4 Rxa5 59. h4 Rd5 60. Qf6 Rdd8 61. h5 Rf8 62. Rf7 Rh8 63. h6 a5 64. g4
Rbc8 65. g5 Ka7 66. Qc3 Ka6 67. Qc4+ b5 68. Qc5 1-0

[Event "Schwarzacher Open B"]
[Site "Schwarzach"]
[Date "1999.08.27"]
[Round "7.1"]
[White "Peneder, Hans"]
[Black "Van Essen, Mark"]
[Result "1/2-1/2"]
[WhiteElo "1863"]
[BlackElo "1825"]
[PlyCount "36"]
[EventDate "1999.08.21"]

1. c4 e5 2. Nc3 d6 3. g3 f5 4. d3 Nf6 5. Bg2 g6 6. e4 Bg7 7. exf5 gxf5 8. Bg5
h6 9. Bxf6 Qxf6 10. Nd5 Qf7 11. Bf3 O-O 12. Bh5 Qd7 13. Ne2 c6 14. Ndc3 Qd8 15.
f4 Nd7 16. h3 Nf6 17. Bf3 Re8 18. Qc2 Qb6 1/2-1/2

[Event "Schwarzacher Open B"]
[Site "Schwarzach"]
[Date "1999.08.27"]
[Round "7.2"]
[White "Pitro, Erwin"]
[Black "Grassl, Johann"]
[Result "1-0"]
[WhiteElo "1843"]
[BlackElo "1776"]
[PlyCount "103"]
[EventDate "1999.08.21"]

1. f4 e5 2. d3 exf4 3. Bxf4 d5 4. Nf3 Nf6 5. Qd2 Bd6 6. Nc3 c6 7. e4 Bxf4 8.
Qxf4 dxe4 9. Nxe4 Nxe4 10. Qxe4+ Qe7 11. Qxe7+ Kxe7 12. d4 Rd8 13. Bc4 Bf5 14.
O-O-O f6 15. Rde1+ Kf8 16. c3 h6 17. Nh4 Bh7 18. Rhf1 Nd7 19. Nf5 Bxf5 20. Rxf5
Nb6 21. Bd3 Re8 22. Rff1 Rxe1+ 23. Rxe1 Re8 24. Rxe8+ Kxe8 25. Kd2 Ke7 26. Ke3
Nd5+ 27. Ke4 Ke6 28. g4 g6 29. Bc4 f5+ 30. gxf5+ gxf5+ 31. Kf3 Kf6 32. Bd3 Kg5
33. c4 Ne7 34. Kg3 Ng6 35. b4 h5 36. c5 h4+ 37. Kf3 Ne7 38. Bc4 f4 39. a4 Nf5
40. Ke4 Ne3 41. Be6 {#} 41... Nd5 42. Bxd5 cxd5+ 43. Kf3 Kf5 44. b5 h3 45. a5
a6 46. b6 Ke6 47. Kxf4 Kd7 48. Kg3 Kc6 49. Kxh3 Kb5 50. Kg4 Kc4 51. h4 Kxd4 52.
c6 1-0

[Event "Schwarzacher Open B"]
[Site "Schwarzach"]
[Date "1999.08.27"]
[Round "7.4"]
[White "Kainz, Josef"]
[Black "Hutz, Gerhard"]
[Result "1-0"]
[WhiteElo "1839"]
[BlackElo "1893"]
[PlyCount "39"]
[EventDate "1999.08.21"]

1. d4 d5 2. c4 dxc4 3. Nf3 Nf6 4. Nc3 g6 5. e4 Bg7 6. Bxc4 c6 7. O-O O-O 8. Be3
b5 9. Bb3 b4 10. e5 bxc3 11. exf6 Bxf6 12. bxc3 Ba6 13. Re1 Nd7 14. Bh6 Bg7 15.
Bxg7 Kxg7 16. Ng5 h6 17. Ne4 Qc7 18. Re3 c5 {#} 19. dxc5 Nxc5 20. Qd4+ 1-0

[Event "Schwarzacher Open B"]
[Site "Schwarzach"]
[Date "1999.08.27"]
[Round "7.5"]
[White "Lehner, Erich"]
[Black "Reschreiter, Hans-Peter"]
[Result "1-0"]
[WhiteElo "1853"]
[BlackElo "1827"]
[PlyCount "61"]
[EventDate "1999.08.21"]

1. e4 d6 2. d4 Nf6 3. Nc3 g6 4. Be2 Bg7 5. Be3 O-O 6. Nf3 c6 7. O-O Bg4 8. Ng5
Bxe2 9. Qxe2 h6 10. Nh3 Nbd7 11. Rad1 Qc7 12. f4 e5 13. fxe5 dxe5 14. d5 Kh7
15. Kh1 a6 16. g4 Ne8 17. Rf3 g5 {#} 18. Bxg5 hxg5 19. Nxg5+ Kg8 20. Qf2 Nef6
21. Qh4 Rfe8 22. Nxf7 Kxf7 23. g5 Rh8 24. Qg4 Ke8 25. Qe6+ Kd8 26. gxf6 Re8 27.
fxg7 Rxe6 28. dxe6 Ke7 29. Rxd7+ Qxd7 30. exd7 Rg8 31. Rf8 1-0

[Event "Schwarzacher Open B"]
[Site "Schwarzach"]
[Date "1999.08.27"]
[Round "7.6"]
[White "Renner, Gabriele"]
[Black "Moosleitner, Hugo"]
[Result "1-0"]
[WhiteElo "1760"]
[BlackElo "1803"]
[PlyCount "67"]
[EventDate "1999.08.21"]

1. e4 c5 2. Nc3 Nc6 3. g3 d6 4. Bg2 e5 5. d3 Be6 6. f4 g6 7. Nf3 Bg4 8. h3 Bxf3
9. Qxf3 Qa5 10. O-O O-O-O 11. Nd5 Bg7 12. c3 Nh6 13. f5 Rd7 14. f6 Bf8 15. h4
Nd8 16. a4 Ne6 17. b4 cxb4 18. cxb4 Qd8 19. Be3 Kb8 20. Bh3 Ng8 21. Qf2 {#}
21... b6 22. a5 b5 23. Rac1 h5 24. Rc6 Bh6 25. Bxh6 Nxh6 26. Ne7 Rc7 27. Rfc1
Ng4 28. Bxg4 hxg4 29. Rxc7 Qxc7 30. Rxc7 Nxc7 31. Nc6+ Kc8 32. Qxa7 Rh5 33. a6
g5 34. Ne7+ 1-0

[Event "Schwarzacher Open B"]
[Site "Schwarzach"]
[Date "1999.08.27"]
[Round "7.7"]
[White "Manzenreiter, Franz"]
[Black "Noell, Thomas"]
[Result "0-1"]
[WhiteElo "1736"]
[BlackElo "1891"]
[PlyCount "83"]
[EventDate "1999.08.21"]

1. d4 d5 2. c4 e6 3. Nc3 c5 4. cxd5 exd5 5. Nf3 Nc6 6. e3 Nf6 7. Be2 Be7 8. a3
O-O 9. dxc5 Bxc5 10. b4 Bd6 11. Bb2 a6 12. Qc2 Bg4 13. h3 Be6 14. Ng5 h6 15.
Nf3 Rc8 16. Rc1 Ne5 17. Qb1 Nc4 18. Nd4 Bd7 19. Nxd5 Nxb2 20. Nxf6+ Qxf6 21.
Qxb2 Rfe8 22. Rxc8 Bxc8 23. Qd2 Qg6 24. Bf3 Qb1+ 25. Bd1 Qg6 26. g4 h5 27. Bc2
Qg5 28. Nf3 Qf6 29. Nh2 hxg4 30. hxg4 Be5 31. Qd3 {#} 31... Qh4 32. Qe4 Bc3+
33. Ke2 Rxe4 34. Bxe4 Qe7 35. f3 g6 36. Rc1 Qe5 37. Nf1 Be6 38. Bd3 b5 39. Kf2
Bc4 40. f4 Qg7 41. Bxc4 bxc4 42. Rd1 0-1

[Event "Schwarzacher Open B"]
[Site "Schwarzach"]
[Date "1999.08.27"]
[Round "7.8"]
[White "Huber, Josef"]
[Black "Steinkogler, Gustav"]
[Result "1/2-1/2"]
[WhiteElo "1858"]
[BlackElo "1735"]
[PlyCount "103"]
[EventDate "1999.08.21"]

1. d4 g6 2. Nf3 Bg7 3. c3 Nf6 4. Bg5 c5 5. e3 cxd4 6. exd4 O-O 7. Nbd2 d6 8.
Bd3 Nbd7 9. O-O b6 10. Re1 Bb7 11. Nf1 Rc8 12. Ng3 Re8 13. h4 Rc7 14. h5 Nf8
15. hxg6 fxg6 16. Qd2 Bxf3 17. gxf3 Qb8 18. Bb5 N8d7 19. Bxf6 Bxf6 20. Qe2 e5
21. Ne4 Re6 {#} 22. Bxd7 Rxd7 23. Nxf6+ Rxf6 24. Rad1 exd4 25. Rxd4 Qf8 26. Kg2
Rdf7 27. Qe8 Rxf3 28. Qxf8+ Kxf8 29. Re2 R3f6 30. Red2 Rd7 31. Kg3 Kf7 32. Kg4
h6 33. f3 Kg7 34. c4 Rdf7 35. R2d3 h5+ 36. Kg3 Rd7 37. b4 Kf7 38. c5 bxc5 39.
bxc5 Ke7 40. Re3+ Re6 41. Red3 Rf6 42. Rd5 Re6 43. Kh4 Rd8 44. R3d4 Rf6 45. Rd3
Re6 46. R5d4 Rc8 47. cxd6+ Kd7 48. Ra4 Rxd6 49. Rxa7+ Rc7 50. Rxd6+ Kxd6 51.
Rxc7 Kxc7 52. Kg5 1/2-1/2

[Event "Schwarzacher Open B"]
[Site "Schwarzach"]
[Date "1999.08.27"]
[Round "7.9"]
[White "Stadlober, Gerold"]
[Black "Moherndl, Gerhard"]
[Result "1-0"]
[WhiteElo "1863"]
[BlackElo "1730"]
[PlyCount "63"]
[EventDate "1999.08.21"]

1. e4 e6 2. d4 d5 3. Nc3 Nf6 4. Bg5 Be7 5. e5 Nfd7 6. Bxe7 Qxe7 7. f4 a6 8. Nf3
c5 9. Bd3 Nc6 10. O-O cxd4 11. Ne2 Nc5 12. Nexd4 Nxd3 13. Qxd3 Bd7 14. f5 Nxd4
15. Nxd4 Qc5 16. Rf2 O-O 17. f6 g6 18. Qd2 Rfc8 19. c3 b5 20. Qh6 Qf8 21. Qe3
b4 22. cxb4 Qxb4 23. h4 Rc4 24. Rd1 Rac8 25. h5 Qf8 26. hxg6 fxg6 {#} 27. f7+
Kh8 28. Qg5 Qg7 29. Qe7 Rf8 30. Qxd7 Qxe5 31. Qxe6 Qg5 32. Nf3 1-0

[Event "Schwarzacher Open B"]
[Site "Schwarzach"]
[Date "1999.08.27"]
[Round "7.10"]
[White "Ellmauer, Klaus"]
[Black "Poffers, Rieke"]
[Result "1/2-1/2"]
[WhiteElo "1755"]
[BlackElo "1502"]
[PlyCount "36"]
[EventDate "1999.08.21"]

1. c4 e5 2. Nc3 d6 3. e4 f5 4. d4 exd4 5. Qxd4 Nc6 6. Qd2 Nf6 7. Bd3 fxe4 8.
Nxe4 Qe7 9. f3 Bf5 10. Qe3 Nxe4 11. fxe4 Be6 12. Nf3 g6 13. Bd2 Bg7 14. Rb1 a5
15. O-O O-O 16. Kh1 Ne5 17. Nxe5 Rxf1+ 18. Rxf1 Bxe5 1/2-1/2